header

Assignments matter : (Record no. 265753)

MARC details
000 -LEADER
fixed length control field 01467cam a2200349 i 4500
001 - CONTROL NUMBER
control field 17319174
003 - CONTROL NUMBER IDENTIFIER
control field OSt
005 - DATE AND TIME OF LATEST TRANSACTION
control field 20260122131149.0
008 - FIXED-LENGTH DATA ELEMENTS--GENERAL INFORMATION
fixed length control field 120525s2012 vau b 001 0 eng
010 ## - LIBRARY OF CONGRESS CONTROL NUMBER
LC control number 2012018764
020 ## - INTERNATIONAL STANDARD BOOK NUMBER
International Standard Book Number 9781416614401
Qualifying information pbk. : alk. paper
035 ## - SYSTEM CONTROL NUMBER
System control number 17319174
040 ## - CATALOGING SOURCE
Original cataloging agency DLC
Language of cataloging eng
Transcribing agency DLC
Description conventions rda
Modifying agency DLC
042 ## - AUTHENTICATION CODE
Authentication code pcc
050 00 - LIBRARY OF CONGRESS CALL NUMBER
Classification number LB1025.3
Item number .D68 2012
082 00 - DEWEY DECIMAL CLASSIFICATION NUMBER
Classification number 371.102
Edition number 23
100 1# - MAIN ENTRY--PERSONAL NAME
Personal name Dougherty, Eleanor,
Dates associated with a name 1947-
Relator term author.
245 10 - TITLE STATEMENT
Title Assignments matter :
Remainder of title making the connections that help students meet standards /
Statement of responsibility, etc Eleanor Dougherty.
264 #1 - PRODUCTION, PUBLICATION, DISTRIBUTION, MANUFACTURE, AND COPYRIGHT NOTICE
Place of production, publication, distribution, manufacture Alexandria, Virginia, USA :
Name of producer, publisher, distributor, manufacturer ASCD,
Date of production, publication, distribution, manufacture, or copyright notice [2012]
300 ## - PHYSICAL DESCRIPTION
Extent vii, 190 pages ;
Dimensions 23 cm
336 ## - CONTENT TYPE
Content type term text
Source rdacontent
337 ## - MEDIA TYPE
Media type term unmediated
Source rdamedia
338 ## - CARRIER TYPE
Carrier type term volume
Source rdacarrier
504 ## - BIBLIOGRAPHY, ETC. NOTE
Bibliography, etc Includes bibliographical references (pages 181-184) and index.
505 0# - FORMATTED CONTENTS NOTE
Formatted contents note Why assignments matter -- The basics -- Crafting an assignment -- Instruction -- Sequencing assignments to design units and courses -- Anchor assignments -- Environments that make assignments matter -- Assignments as data.
650 #0 - SUBJECT ADDED ENTRY--TOPICAL TERM
Topical term or geographic name as entry element Effective teaching.
Topical term or geographic name as entry element Learning.
Topical term or geographic name as entry element Education
General subdivision Aims and objectives.
906 ## - LOCAL DATA ELEMENT F, LDF (RLIN)
a 7
b cbc
c orignew
d 1
e ecip
f 20
g y-gencatlg
942 ## - ADDED ENTRY ELEMENTS (KOHA)
Source of classification or shelving scheme Library of Congress Classification
Koha item type Long Loan Books
Holdings
Withdrawn status Lost status Source of classification or shelving scheme Damaged status Not for loan Collection code Home library Current library Shelving location Date acquired Source of acquisition Total Checkouts Full call number Barcode Date last seen Price effective from Koha item type
    Library of Congress Classification     Non-fiction Rongo University Library Rongo University Library General Stacks 22/01/2026 Books for Africa, Donation   LB1025.3 .D68 2012 20261141 22/01/2026 22/01/2026 Long Loan Books

© 2026 Rongo University
Contact us: librarian | system librarian | Rongo university